Советский водевиль для рабочего, крестьянского и комсомольского театра. Сборник 6: Свадьба Чехова (Запись № 13567217)
[ простой вид ]
| 000 -МАРКЕР | |
|---|---|
| контрольное поле | 01897nam2a2200301 4500 |
| 001 - ИДЕНТИФИКАТОР ЗАПИСИ | |
| контрольное поле | rc\2666239 |
| 005 - ИДЕНТИФИКАТОР ВЕРСИИ | |
| контрольное поле | 20260315044028.0 |
| 035 ## - ДРУГИЕ СИСТЕМНЫЕ НОМЕРА | |
| Идентификатор записи | (NLR Aleph) 006972762 |
| 100 ## - ДАННЫЕ ОБЩЕЙ ОБРАБОТКИ | |
| Данные общей обработки | 20110619d1928 u y0rusy50 ca |
| 101 0# - ЯЗЫК РЕСУРСА | |
| Язык текста, звукозаписи и т.д. | русский |
| 102 ## - СТРАНА ПУБЛИКАЦИИ ИЛИ ПРОИЗВОДСТВА | |
| Страна публикации | российская федерация |
| 105 ## - ПОЛЕ КОДИРОВАННЫХ ДАННЫХ: ТЕКСТОВЫЕ МАТЕРИАЛЫ, МОНОГРАФИЧЕСКИЕ | |
| Кодированные данные о монографическом текстовом документе | y z ||||| |
| 200 1# - ЗАГЛАВИЕ И СВЕДЕНИЯ ОБ ОТВЕТСТВЕННОСТИ | |
| Основное заглавие | Свадьба Чехова |
| 210 ## - ПУБЛИКАЦИЯ, РАСПРОСТРАНЕНИЕ И ДР. | |
| Дата издания, распространения и т.д. | 1928 |
| 215 ## - ФИЗИЧЕСКАЯ ХАРАКТЕРИСТИКА | |
| Специфическое обозначение материала и объем | 48 с. |
| 423 #0 - ИЗДАЕТСЯ В ОДНОЙ ОБЛОЖКЕ ВМЕСТЕ С ... | |
| Встроенное поле | 2001#$aТоварищ из центра |
| -- | 700#1$aЗадонский$bН.$4070 |
| Заглавие | Товарищ из центра |
| Автор | Задонский, Н. |
| 423 #0 - ИЗДАЕТСЯ В ОДНОЙ ОБЛОЖКЕ ВМЕСТЕ С ... | |
| Встроенное поле | 2001#$aБлаженны нищие |
| -- | 700#1$aАрдов$bВ.$4070 |
| -- | 701#1$aГутман$bД.$4070 |
| Заглавие | Блаженны нищие |
| Автор | Ардов, В. |
| 423 #0 - ИЗДАЕТСЯ В ОДНОЙ ОБЛОЖКЕ ВМЕСТЕ С ... | |
| Встроенное поле | 2001#$aНе закрывайте забыл |
| -- | 700#1$aВольпин$bМ. Д.$cдраматург, киносценарист$f1902-1988$gМихаил Давидович$3RU\NLR\AUTH\770206181$4070 |
| Заглавие | Не закрывайте забыл |
| Автор | Вольпин, Михаил Давидович (драматург, киносценарист ; 1902-1988) |
| 423 #0 - ИЗДАЕТСЯ В ОДНОЙ ОБЛОЖКЕ ВМЕСТЕ С ... | |
| Встроенное поле | 2001#$aБлаготворительный концерт в городе Криворыльске |
| -- | 700#0$aАгуар$4070 |
| Заглавие | Благотворительный концерт в городе Криворыльске |
| Автор | Агуар |
| 461 #0 - УРОВЕНЬ НАБОРА | |
| Встроенное поле | 001rc\2666235 |
| -- | 2001#$aСоветский водевиль для рабочего, крестьянского и комсомольского театра$eСборник 3-8$vСборник 6 |
| Системный номер (АБИС) связанной записи | 5457067 |
| Место публикации | Москва |
| Дата публикации | 1928-1929 |
| Имя издателя, распространителя и т.д. | Модпик |
| Сведения, относящиеся к заглавию | Сборник 3-8 |
| Заглавие | Советский водевиль для рабочего, крестьянского и комсомольского театра |
| Номер тома | Сборник 6 |
| 700 #1 - ИМЯ ЛИЦА - ПЕРВИЧНАЯ ОТВЕТСТВЕННОСТЬ | |
| Начальный элемент ввода | Балагин |
| Часть имени, кроме начального элемента ввода | А. |
| 801 #0 - ИСТОЧНИК ЗАПИСИ | |
| Страна | российская федерация |
| Организация | NLR |
| Правила каталогизации | psbo |
| 801 #1 - ИСТОЧНИК ЗАПИСИ | |
| Страна | российская федерация |
| Организация | ELAR |
| Источник данных | rusmarc |
| 852 ## - МЕСТОНАХОЖДЕНИЕ И ШИФР ХРАНЕНИЯ | |
| Идентификатор организации | NLR |
| Шифр хранения (Call Number) | 34/990 |
| 942 ## - ДОПОЛНИТЕЛЬНЫЕ ЭЛЕМЕНТЫ ЗАПИСИ (АБИС) | |
| Тип экземпляра АБИС | Неопределено |
| 980 ## - КОЛЛЕКЦИЯ | |
| Название коллекции | Национальная библиография |
Нет доступных экземпляров.